Mixed Word: 5 Letter A-Z XIX Quiz Stats

Quiz Updated Feb 15, 2012

Challenge
Share
Tweet
Embed
Score 0/26 Timer 03:00
0 Plays Today
Scramble Unscramble % Correct
NDIBLBLIND
97.8%
LOATGGLOAT
97.8%
IJECUJUICE
97.6%
RFAEMFRAME
97.5%
IPUPLPUPIL
97.3%
SMEILSMILE
96.2%
ETCAZAZTEC
95.7%
CSUMUMUCUS
94.8%
PREECCREPE
93.7%
AUQLMQUALM
91.1%
ARWEGWAGER
90.9%
AUUSLUSUAL
90.4%
AATKRKARAT
88.5%
Scramble Unscramble % Correct
DREZODOZER
87%
RSATETASER
86.9%
PHOPIHIPPO
86.8%
OERRVROVER
84.8%
ILNSULINUS
84.8%
ELDIAIDEAL
84.3%
KAYNSYANKS
82%
OPXSEEXPOS
78.2%
AEOSSOASES
66.7%
RONESNORSE
65.8%
ZYEOOZOOEY
58.8%
EEALVVEELA
41.6%
EAXINXENIA
30.5%

You're not logged in!

Compare scores with friends on all Sporcle quizzes.
Sign Up with Email
OR
Log In

You Might Also Like...

Show Comments

Extras

Top Quizzes Today


Score Distribution

Your Account Isn't Verified!

In order to create a playlist on Sporcle, you need to verify the email address you used during registration. Go to your Sporcle Settings to finish the process.